000 00337nam a2200097Ia 4500
082 _a78.968 MOJA
245 0 _aBeyond memory : recording the history, moments and memories of South African music
100 _a MOJAPELO, Max ** Somerset West, South Africa, 2R8 ** *
_989482
942 _cBK
008 210817s9999 xx 000 0 und d
999 _c360025
_d360024